| 000 | 00858cam a22001814a 4500 | ||
|---|---|---|---|
| 999 |
_c5002 _d5002 |
||
| 020 | _a0830814841 (alk. paper) | ||
| 020 | _a9780830814848 | ||
| 050 | 0 | 0 |
_aBS1560 _b.T87 |
| 245 | 0 | 4 |
_aThe Twelve Prophets / _cedited by Alberto Ferreiro ; general editor, Thomas C. Oden. |
| 260 |
_aDowners Grove, Ill. : _bInterVarsity Press, _cc2003. |
||
| 300 |
_axxv, 366 p. ; _c27 cm. |
||
| 440 | 0 | _aAncient Christian commentary on Scripture. | |
| 500 | _aIncludes index. | ||
| 505 | _aIntroduction to the twelve propheets Commentary on Hosea Commentary on Joel Commentary on Amos Commentary on Obadiah Commentary on Jonah Commentary on Micah Commentary on Nahum Commentary on Habakkuk Commentary on Zephaniah Commentary on Haggai Commentary on Zechariah Commentary on Malachi | ||
| 700 | 1 | _aFerreiro, Alberto. | |
| 700 | 1 | _aOden, Thomas C. | |
| 942 | _cBK | ||